Statistics for Harry Potter: Who says this? HARRY POTTER QUOTES (BEWARE - NOT for the faint hearted)

Click here to take the quiz!

General Stats

  • This quiz has been taken 14,464 times
    (11,393 since last reset)
  • The average score is 42 of 83

Answer Stats

% Correct
You're a wizard Harry!Hagrid
100%
Take my body back to my father will you.Cedric Diggory
76%
Father always said that Dumbledore was the worst thing that ever happened to this place.Draco Malfoy
76%
You're the youngest seeker in a century!Ron
76%
Who are you and what have you done with Hermione Granger?Ron
74%
Don't worry, I can see them too.Luna Lovegood
73%
Alas, earwaxDumbledore
72%
Severus... Please.Albus Dumbledore
71%
She needs to sort out her priorities.Ron
71%
It's not a bad place for a bath.Cedric Diggory
70%
Not bad potter, you'd make a fair beater.Oliver Wood
69%
I'm not an owl!Hermione
68%
Harry talks in his sleep, have you noticed?Ron
68%
Your father, was a swine!Severus Snape
67%
Me dad's a muggle, Mam's a witch. Bit of a nasty shock for him when he found out.Seamus
67%
Are you going to ask me to dance or not?Padma Patil
67%
I don't know about a turnip, but you could always use gillyweed.Neville
65%
Of course it's all in your head, but why should that mean it's not real?Albus Dumbledore
65%
It means the ministry's interfering at Hogwarts.Hermione
65%
They had us practicing the Cruciatus curse, on first years. I refused.Neville
65%
I've always wanted to use that spell.McGonagall
65%
What creature sat in the corner the first time Harry Potter visited my office?!Lupin
64%
I want you to swear to me that whatever you might hear, you won't go looking for Black.Arthur Weasley
63%
Ravenclaw common room, gotta start somewhere!Harry
63%
I was in the library, in the restricted section. And and I read something rather odd about a bit of rare magicTom Riddle
62%
My Dear, you have... The Grim.Professor Trelawney
62%
We have a witch in the family. Isn't it wonderful?Aunt Petunia
62%
How dare you stand where he stood.Harry
62%
I shouldn't have said that.Hagrid
62%
Half the cells in Azkaban are filled thanks to him.Ron
61%
You've been raising him like a pig for slaughter!Snape
60%
It's him, Headmaster, the one they all talk about! He's here! Somewhere in the castle! Sirius Black!The Fat Lady
60%
Potions. But everyone knows it's the Dark Arts he fancies.Percy
57%
I'll just be in my office getting... getting ready.Lockhart
57%
It's obvious isn't it? You have to talk to someone whose dead.Luna Lovegood
56%
If there's something wrong with the bitch, then there's something wrong with the pup!Aunt Marge
56%
Let me through, THAT'S MY SON! That's my boy!Amos Diggory
55%
I know you're going to ask me Harry, but I don't know who cursed me.Katie Bell
55%
Voldemort's after something. Something he didn't get last time.Sirius Black
54%
Tonight's not the night mate, you'll only be doing him a favour.Ron
53%
Zip me up will you.Ginny
52%
The Ministry has fallen. The Minister of Magic is dead. They are coming. They are coming.Kingsley Shacklebolt
52%
I think I've known for a while. And I think you have too.Harry Potter
51%
To Hermione Jean Granger I leave my of The Tales of Beedle the Bard in the hope that she find it entertaining and instructive.Rufus Scrimgeour
51%
We fly, of course.Luna Lovegood
51%
Every day, every hour, this very minute, perhaps, dark forces attempt to penetrate this castle's walls.Ablus Dumbledore
50%
He's just being modest.Hermione
50%
Where is your mum, Potter? She dead? Is she dead?Dudley
49%
I don't know, but I don't think it's pumpkin juice.Harry
49%
This class is ridiculous.Draco Malfoy
48%
How thick can you get?Ron
48%
Try saying that 5 times faster!Fred
48%
It's not a term one usually hears in civilised conversation.Hermione
46%
Ok! Ok! I was gate crashing. Happy?Draco Malfoy
44%
Two Pumpkin Pasties please.Cho Chang
44%
Blimey! That's one big woman.Seamus
44%
One was very huge... the other, very skinny.Mrs Figg
42%
Penelope Clearwater, half-blood.Hermione
42%
What are you waiting for? someone grab him!Pansy Parkinson
42%
Make it move!Dudley
41%
If it's true, what you say.. that he has the elder wand. Then I'm afraid you don't stand a chance.Ollivander
41%
Others will tell him what his mother and father died for. One day, he'll understand.Lupin
40%
Traitorous little bleeder, is there no one we can trust?Ron
37%
You have something of mine. I'd like it back.Draco Malfoy
36%
Bloody hell I didn't know you could do that Harry.Dean Thomas
36%
We'll have another little chat soon, when you've had time to decide where your loyalties lie.Severus Snape
35%
Potter, It's good to see you!McGonagall
33%
The first night of the cycle is always the worst.Tonks
33%
You lot go on, I want to check something.Draco Malfoy
31%
150, give or take a few...Ron
31%
Go home boy, live a little longerAberforth Dumbledore
30%
We'll see just who's laughing in the end.Draco Malfoy
29%
You do realise of course that we can't keep you know who out indefinitely.Flitwick
28%
You're blinded by hatred!Remus Lupin
27%
Hide her, hide them all.Severus Snape
26%
This is far worse than I ever imagined.Albus Dumbledore
25%
Where will he be taken, the boy?Voldemort
22%
No no definitely not.Ollivander
21%
That's nothing to go on.Seamus
21%
And they say I'm mad!Barty Crouch Junior
19%
Well come on then! Let's not wait for the grass to grow!Stan Shunpike
19%
That... That is my price.Griphook
18%
One hears many things, my lord.Pius
13%

Score Distribution

Percentile by Number Answered

Percent of People with Each Score

Your Score History

You have not taken this quiz since the last reset